00826nam a2200181 a 450000500170000000800410001702000180005805000250007624500490010125000120015026000360016230000330019844000200023152003210025152100090057265000340058165000290061520140310183615.0120903s19uu xx 00 eng d a9780073528571 aHB 615b.En6235 2010 aEntrepreneurship /ceditor, Robert W. Price. a6th ed. aNew York :bMcGraw-Hill,c2010. axx, 235 p. :bill. ;c28 cm. aAnnual editions aFeatures various articles from some of the most respected magazines, newspapers, and journals. This title is suitable for use in the classroom. It includes: a general introduction; an annotated table of contents; a topic guide; an annotated listing of selected world wide web sites; and, an overview for each section aBSBA aEntrepreneurshipxPeriodicals aNew business enterprises